El historiador, los hechos y la información /

Guardado en:
書目詳細資料
主要作者: Garza, Luis Alberto de la
格式: Texto
主題:
標簽: 添加標簽
沒有標簽, 成為第一個標記此記錄!

MARC

LEADER 00000 a a2200000 04500
001 7729
003
040
100 |a Garza, Luis Alberto de la  
245 |a El historiador, los hechos y la información /  |c Luis Alberto de la Garza 
650 |a HISTORIA  
650 |a INVESTIGACION  
773 |g número 5; páginas 39-48  
999 |c 22508  |d 22508